| 000 | 00797nam a2200289 a 4500 | ||
|---|---|---|---|
| 003 | AR-BaBNM | ||
| 005 | 20251128204239.0 | ||
| 008 | 082120s2002 ||||||||||||||000 | spa|| | ||
| 020 | _a950-06-2406-0 | ||
| 040 | _cAR-BaBNM | ||
| 100 | 1 | _aWernicke, Carlos | |
| 245 | 0 | 0 | _aEl zurdo y su mundo |
| 250 | _a2ª ed. | ||
| 260 |
_aBuenos Aires _bEditorial Médica Panamericana _c1990 |
||
| 300 |
_a93 p. _bil., tablas |
||
| 500 | _aApéndice en p. 81-93 | ||
| 500 | _aLa presente obra es la 2a. reimpr. de la 2a. ed. publicada en 1980 | ||
| 504 | _aContiene bibliografía | ||
| 650 | 4 | _aEDUCACION ESPECIAL | |
| 650 | 4 | _aLATERALIDAD | |
| 650 | 4 | _aZURDERA | |
| 650 | 4 | _aPRUEBAS DE DIAGNOSTICO | |
| 650 | 4 | _aPRUEBAS ESCOLARES | |
| 650 | 4 | _aNEUROBIOLOGIA | |
| 942 | _cBK | ||
| 998 | _cSILVI | ||
| 999 |
_c6698 _d6698 |
||